Estados brasileiros - Statistics

Estatísticas Gerais
  • Esse quiz foi jogado 217 vezes
  • A pontuação média é 24 de 27
Estatísticas das Respostas
n Estados % Correto
19 Rio de Janeiro
98%
14 Pará
96%
4 Amazonas
95%
13 Minas Gerais
94%
25 São Paulo
94%
1 Acre
93%
11 Mato grosso
93%
21 Rio Grande do Sul
93%
22 Rondônia
92%
5 Bahia
91%
8 Espírito Santo
91%
12 Mato Grosso do Sul
91%
23 Roraima
91%
24 Santa Catarina
91%
3 Amapá
89%
16 Paraná
89%
7 Distrito Federal
88%
20 Rio Grande do Norte
88%
9 Goiás
87%
6 Ceará
86%
26 Sergipe
85%
17 Pernambuco
84%
2 Alagoas
83%
10 Maranhão
83%
27 Tocantins
81%
15 Paraíba
80%
18 Piauí
80%
Nenhum quiz correspondente encontrado
Distribuição das Pontuações
Porcentagem de Pessoas com Cada Pontuação
Percentil de Números Respondidos
Sua Pontuação Histórica
Você não jogou esse quiz